Statistics for All Capitals of France on a Map

Click here to take the quiz!

General Stats

  • This quiz has been taken 182 times
  • The average score is 16 of 24

Answers on the Map

Answers color-coded by a green-red scale on the quiz's map according to % correct below.
 

Answer Stats

TypePart of...Capital% Correct
MetropolitanÎle-de-FranceParis
99%
MetropolitanProvence-Alpes-Côte d'AzurMarseille
92%
MetropolitanNouvelle-AquitaineBordeaux
91%
MetropolitanHauts-de-FranceLille
90%
MetropolitanGrand EstStrasbourg
90%
MetropolitanAuvergne-Rhône-AlpesLyon
89%
MetropolitanOccitanieToulouse
88%
MetropolitanPays de la LoireNantes
85%
MetropolitanCorsicaAjaccio
82%
MetropolitanBrittanyRennes
76%
Overseas RegionFrench GuianaCayenne
71%
MetropolitanBourgogne-Franche-ComtéDijon
69%
Overseas CollectivitySaint Pierre and MiquelonSaint-Pierre
67%
MetropolitanCentre-Val de LoireOrléans
64%
Special CollectivityNew CaledoniaNouméa
60%
MetropolitanNormandyRouen
60%
Overseas CollectivityFrench PolynesiaPapeete
59%
Overseas RegionMartiniqueFort-de-France
57%
Overseas RegionRéunionSaint-Denis
56%
Overseas RegionGuadeloupeBasse-Terre
49%
Overseas RegionMayotteMamoudzou
43%
Overseas CollectivitySaint MartinMarigot
28%
Overseas CollectivitySaint BarthélemyGustavia
27%
Overseas CollectivityWallis and FutunaMata-Utu
27%

Score Distribution

Percentile by Number Answered

Percent of People with Each Score

Your Score History

You have not taken this quiz